¿Qué son las drogas?

Este libro presenta el uso de las drogas como parte de diversos problemas conexos, que hacen derivar el trabajo preventivo hacia el contexto social en el que se produce el consumo.

Сохранить в:
Библиографические подробности
Главный автор: Rodríguez Rueda, Alvaro
Формат:
Язык:Spanish
Опубликовано: Bogotá: UCPI, 1995
Серии:Prevenir es construir futuro; No. 13
Предметы:
Online-ссылка:Enlace del recurso
Метки: Добавить метку
Нет меток, Требуется 1-ая метка записи!

MARC

LEADER 00000nam a2200000 a 4500
001 000887
008 030415s1995 ck a fr# #000|0#spa#d
020 |a 958-662-014-X 
041 0 |a spa 
043 |a s-ck--- 
082 0 4 |a 362.29  |b R526s 
100 1 |a Rodríguez Rueda, Alvaro 
245 1 1 |a ¿Qué son las drogas?  |c Alvaro Rodríguez Rueda 
260 |a Bogotá:  |b UCPI,  |c 1995 
300 |a 60 p.:  |b il., tabl. 
440 0 |a Prevenir es construir futuro;  |v No. 13 
520 3 |a Este libro presenta el uso de las drogas como parte de diversos problemas conexos, que hacen derivar el trabajo preventivo hacia el contexto social en el que se produce el consumo. 
650 1 4 |a DROGAS Y JÓVENES  |z COLOMBIA 
650 1 4 |a PROBLEMAS SOCIALES 
999 |c 3039  |d 3039 
856 |u https://catalogo.idep.edu.co/cgi-bin/koha/opac-detail.pl?biblionumber=3039  |z Enlace del recurso